Criminal procedure, constitutional limitations in a nutshell / (Record no. 7457)

MARC details
000 -LEADER
fixed length control field 00832pam a2200205 a 4500
020 ## - INTERNATIONAL STANDARD BOOK NUMBER
ISBN 0314025901
050 00 - CALL NUMBER
Classification number KF9619.3
Item number .Is8
100 1# - AUTHOR
Personal name Israel, Jerold H.,
245 10 - TITLE
Title Criminal procedure, constitutional limitations in a nutshell /
Statement of responsibility, etc by Jerold H. Israel, Wayne R. LaFave.
250 ## - EDITION
Edition statement 2nd ed.
260 ## - PUBLICATION INFORMATION
Place of publication St. Paul, Minn. :
Name of publisher West Pub. Co.,
Year of publication 1971.
300 ## - DESCRIPTION
Number of Pages xiv, lvii, 488 p. ;
Dimensions 19 cm.
440 #0 - SERIES
SERIES Nutshell series
500 ## - NOTES
General note Rev. ed. of: Criminal procedure in a nutshell. 4th ed. 1988.
505 ## - FORMATTED CONTENTS NOTE
Table of Content 1.Constitutionalization of criminal procedure<br/>2.Arrest search and seizure<br/>3.Wiretapping, electronic eavesdropping, and the use of secret agents<br/>4. Police interrogation and confession<br/>5.<br/>5.
650 #0 - SUBJECTS
Topical Term Criminal procedure
700 1# - OTHER AUTHORS
Personal name LaFave, Wayne R.
700 1# - OTHER AUTHORS
Personal name Israel, Jerold H.,
942 ## - ADDED ENTRY ELEMENTS (KOHA)
Koha item type Books
Holdings
Withdrawn status Lost status Collection code Home library Current library Shelving location Date acquired Full call number Accession Number Koha item type
    Reference Methodist University Law Library Methodist University Law Library General Stacks 30/10/2020 KF9619.3 .Is8 8329 Books
Copyright © 2026  MUG Library